| 000 | 00441nam a2200181Ia 4500 | ||
|---|---|---|---|
| 005 | 20240823060820.0 | ||
| 008 | 240823s9999||||xx |||||||||||||| ||und|| | ||
| 041 | _aENGLISH | ||
| 082 | _A621.382 Q3 | ||
| 100 | _a"Taub,Herbert" | ||
| 245 | 0 | _aPrinciples of Communication Systems | |
| 250 | _a4th | ||
| 260 |
_c2013 _bMcGraw Hill Educ |
||
| 500 | _aTRANSFERED | ||
| 650 |
_aCommunication _bElectronics |
||
| 942 | _cBK | ||
| 999 |
_c232037 _d232037 |
||